English Football Clubs — Word Scramble - Statistics

General Stats
  • This quiz has been taken 439 times
  • The average score is 13 of 25
Answer Stats
Letters No. of words Answer % Correct
ilctuhyl 2 Hull City
83%
pevirollo 1 Liverpool
77%
nolntutow 2 Luton Town
74%
krasquerganpersen 3 Queens Park Rangers
74%
lawlliml 1 Millwall
73%
eschale 1 Chelsea
72%
spouttherhottman 2 Tottenham Hotspur
71%
trenevo 1 Everton
68%
frowdat 1 Watford
64%
hamligling 1 Gillingham
61%
loachder 1 Rochdale
59%
cloytcinnil 2 Lincoln City
56%
threstanmyccie 2 Manchester City
50%
benchistormiblowwa 3 West Bromwich Albion
50%
narlbbucksevorr 2 Blackburn Rovers
49%
yelticristece 2 Leicester City
46%
pounstycorkcott 2 Stockport County
45%
nerarermoverst 2 Tranmere Rovers
44%
treadroncresovs 2 Doncaster Rovers
41%
brewhowystruns 2 Shrewsbury Town
39%
hougtreedetuniporb 2 Peterborough United
34%
bruedcytyno 2 Derby County
31%
callthinecthroat 2 Charlton Athletic
19%
floansmewnidt 2 Mansfield Town
17%
midgracutiebend 2 Cambridge United
16%
No matching quizzes found
Score Distribution
Percent of People with Each Score
Percentile by Number Answered
Your Score History
You have not taken this quiz